| 000 | 00851nam0a22002531 4500 | ||
|---|---|---|---|
| 001 | rc\2600655 | ||
| 005 | 20260406073011.0 | ||
| 035 | _a(NLR Aleph) 006764737 | ||
| 090 |
_a5881602 _c5881602 |
||
| 100 | _a20110914d1930 |||y0rusy50 ca | ||
| 101 | 0 | _arus | |
| 102 | _aRU | ||
| 105 | _ay z |||a| | ||
| 200 | 1 |
_aСедьмой спутник _e[Повесть] _fБорис Лавренев |
|
| 210 |
_aЛенинград _cПрибой _d1930 _gтип. Печатный двор Гос. изд-ва |
||
| 215 |
_a136 с. _d19х12 см. |
||
| 300 | _aОбложка:. Н. В. Алексеев | ||
| 700 | 1 |
_8rus _7ca _aЛавренев _bБ. А. _gБорис Андреевич _f1891-1959 _3RU\NLR\AUTH\7731140 _914151 |
|
| 801 | 0 |
_aRU _bNLR _gpsbo |
|
| 801 | 1 |
_aRU _bELAR _2rusmarc |
|
| 852 |
_aNLR _j30.2/140 |
||
| 942 | _cBOOK | ||
| 980 | _aNB | ||